000 00381 a2200145 4500
005 20250319143153.0
020 _a978-0-07-338409-2
082 _a808.042 LAN
100 _aLANGAN, J.
245 _aCollege Writing Skills with Readings
250 _a7th Ed.
260 _aBoston
_bMcGraw-Hill
_c2008
300 _axx, 649p., ill., table, picture
_bIndex
_c24cm.
942 _2ddc
_cBKS
999 _c1009
_d1009